000 00428nam a22001817a 4500
005 20230130154727.0
008 230130b |||||||| |||| 00| 0 eng d
020 _a978-1-405-1300-5
041 _aeng
082 _a547.59 JOU-H
100 _aJOULE,J.A MILLS,K
_97502
245 _aHETEROCYCLIC CHEMISTRY
250 _a5th ed.
260 _bWILEY
300 _a689;P.
650 _aPHARMACY
_xB.PHARMA
_97083
942 _cBK
999 _c8229
_d8227